Share of the European Union on the world trade
Vývoj podielu Európskej únie na svetovom obchode. Predpovedanie budúceho vývoja. Fakty ovplyvňujúce klesajúci podiel EÚ na svetovom obchode.
Salvato in:
| Autore principale: | |
|---|---|
| Natura: | Capitolo di libro |
| Lingua: | inglese |
| Soggetti: | |
| Tags: |
Nessun Tag, puoi essere il primo ad aggiungerne!!
|
MARC
| LEADER | 00000nla$a2200000$$$4500 | ||
|---|---|---|---|
| 001 | 0226458 | ||
| 005 | 20240502073726.1 | ||
| 041 | 0 | |a eng | |
| 044 | |a SK | ||
| 245 | 1 | 0 | |a Share of the European Union on the world trade |c Bianka Bittmannová |
| 520 | |a Vývoj podielu Európskej únie na svetovom obchode. Predpovedanie budúceho vývoja. Fakty ovplyvňujúce klesajúci podiel EÚ na svetovom obchode. | ||
| 610 | 2 | 0 | |a obchod svetový |
| 610 | 2 | 0 | |a dovoz |
| 610 | 2 | 0 | |a vývoz |
| 610 | 2 | 0 | |a Európska únia |
| 100 | 1 | |a Bittmannová, Bianka | |